<?xml version="1.0" encoding="UTF-8"?>
<record
    xmlns:xsi="http://www.w3.org/2001/XMLSchema-instance"
    xsi:schemaLocation="http://www.loc.gov/MARC21/slim http://www.loc.gov/standards/marcxml/schema/MARC21slim.xsd"
    xmlns="http://www.loc.gov/MARC21/slim">

  <leader>01313nam1a2200313 i 4500</leader>
  <controlfield tag="001">RU\NLR\BIBL_A\012150350</controlfield>
  <controlfield tag="005">20260406073340.0</controlfield>
  <datafield tag="010" ind1=" " ind2=" ">
    <subfield code="a">9785171155636</subfield>
  </datafield>
  <datafield tag="035" ind1=" " ind2=" ">
    <subfield code="a">(NLR Aleph) 012150350</subfield>
  </datafield>
  <datafield tag="090" ind1=" " ind2=" ">
    <subfield code="a">12144691</subfield>
    <subfield code="c">12144691</subfield>
  </datafield>
  <datafield tag="100" ind1=" " ind2=" ">
    <subfield code="a">20191202g2019    em y0rusy50      ca</subfield>
  </datafield>
  <datafield tag="101" ind1="1" ind2=" ">
    <subfield code="a">rus</subfield>
    <subfield code="c">eng</subfield>
  </datafield>
  <datafield tag="102" ind1=" " ind2=" ">
    <subfield code="a">RU</subfield>
  </datafield>
  <datafield tag="105" ind1=" " ind2=" ">
    <subfield code="a">||||z||||||||</subfield>
  </datafield>
  <datafield tag="200" ind1="1" ind2=" ">
    <subfield code="a">&#x411;&#x443;&#x440;&#x44F; &#x43C;&#x435;&#x447;&#x435;&#x439;</subfield>
    <subfield code="e">[&#x440;&#x43E;&#x43C;&#x430;&#x43D;]</subfield>
    <subfield code="f">&#x414;&#x436;&#x43E;&#x440;&#x434;&#x436; &#x420;.&#x420;. &#x41C;&#x430;&#x440;&#x442;&#x438;&#x43D;</subfield>
    <subfield code="g">[&#x43F;&#x435;&#x440;. &#x441; &#x430;&#x43D;&#x433;&#x43B;. &#x41D;.&#x418;. &#x412;&#x438;&#x43B;&#x435;&#x43D;&#x441;&#x43A;&#x43E;&#x439;]</subfield>
    <subfield code="g">&#x438;&#x43B;&#x43B;&#x44E;&#x441;&#x442;&#x440;&#x430;&#x446;&#x438;&#x438; &#x427;&#x430;&#x440;&#x43B;&#x44C;&#x437;&#x430; &#x412;&#x435;&#x441;&#x441;&#x430;</subfield>
  </datafield>
  <datafield tag="210" ind1=" " ind2=" ">
    <subfield code="a">&#x41C;&#x43E;&#x441;&#x43A;&#x432;&#x430;</subfield>
    <subfield code="c">&#x410;&#x421;&#x422;</subfield>
    <subfield code="d">2019</subfield>
  </datafield>
  <datafield tag="215" ind1=" " ind2=" ">
    <subfield code="d">24</subfield>
  </datafield>
  <datafield tag="225" ind1="1" ind2=" ">
    <subfield code="a">&#x421;&#x435;&#x440;&#x438;&#x44F; "&#x418;&#x43B;&#x43B;&#x44E;&#x441;&#x442;&#x440;&#x438;&#x440;&#x43E;&#x432;&#x430;&#x43D;&#x43D;&#x430;&#x44F; &#x43A;&#x43B;&#x430;&#x441;&#x441;&#x438;&#x43A;&#x430;. XX &#x432;&#x435;&#x43A;"</subfield>
  </datafield>
  <datafield tag="300" ind1=" " ind2=" ">
    <subfield code="a">&#x41D;&#x430; &#x43E;&#x431;&#x43B;. &#x430;&#x432;&#x442;. &#x43D;&#x435; &#x443;&#x43A;&#x430;&#x437;&#x430;&#x43D;</subfield>
  </datafield>
  <datafield tag="311" ind1=" " ind2=" ">
    <subfield code="a">3-&#x44F; &#x447;&#x430;&#x441;&#x442;&#x44C; &#x441;&#x430;&#x433;&#x438; "&#x41F;&#x435;&#x441;&#x43D;&#x44C; &#x43B;&#x44C;&#x434;&#x430; &#x438; &#x43F;&#x43B;&#x430;&#x43C;&#x435;&#x43D;&#x438;"</subfield>
  </datafield>
  <datafield tag="333" ind1=" " ind2=" ">
    <subfield code="a">18+</subfield>
  </datafield>
  <datafield tag="488" ind1=" " ind2="0">
    <subfield code="1">2001#$a&#x41F;&#x435;&#x441;&#x43D;&#x44C; &#x43B;&#x44C;&#x434;&#x430; &#x438; &#x43F;&#x43B;&#x430;&#x43C;&#x435;&#x43D;&#x438;$e&#x441;&#x430;&#x433;&#x430;</subfield>
    <subfield code="t">&#x41F;&#x435;&#x441;&#x43D;&#x44C; &#x43B;&#x44C;&#x434;&#x430; &#x438; &#x43F;&#x43B;&#x430;&#x43C;&#x435;&#x43D;&#x438;</subfield>
  </datafield>
  <datafield tag="686" ind1="1" ind2=" ">
    <subfield code="a">&#x428;6(7&#x421;&#x428;&#x410;)67-445(&#x41B;&#x445;1979-62)</subfield>
  </datafield>
  <datafield tag="700" ind1=" " ind2="1">
    <subfield code="8">rus</subfield>
    <subfield code="7">ca</subfield>
    <subfield code="a">&#x41C;&#x430;&#x440;&#x442;&#x438;&#x43D;</subfield>
    <subfield code="b">&#x414;. &#x420;. &#x420;.</subfield>
    <subfield code="f">1948-</subfield>
    <subfield code="g">&#x414;&#x436;&#x43E;&#x440;&#x434;&#x436; &#x420;&#x44D;&#x439;&#x43C;&#x43E;&#x43D;&#x434; &#x420;&#x438;&#x447;&#x430;&#x440;&#x434;</subfield>
    <subfield code="3">RU\NLR\AUTH\7731549</subfield>
    <subfield code="9">14559</subfield>
  </datafield>
  <datafield tag="702" ind1=" " ind2="1">
    <subfield code="4">040</subfield>
    <subfield code="7">ca</subfield>
    <subfield code="8">rus</subfield>
    <subfield code="a">&#x412;&#x435;&#x441;&#x441;</subfield>
    <subfield code="b">&#x427;.</subfield>
    <subfield code="f">1951-</subfield>
    <subfield code="g">&#x427;&#x430;&#x440;&#x43B;&#x44C;&#x437;</subfield>
    <subfield code="9">147104</subfield>
    <subfield code="3">RU\NLR\AUTH\770147140</subfield>
  </datafield>
  <datafield tag="852" ind1=" " ind2=" ">
    <subfield code="a">NLR</subfield>
    <subfield code="j">2019-7/7180</subfield>
  </datafield>
  <datafield tag="942" ind1=" " ind2=" ">
    <subfield code="c">BOOK</subfield>
  </datafield>
</record>
